Famous Egg-Laying Mammals and Birds - Statistics

General Stats
  • This quiz has been taken 6 times
  • The average score is 4 of 11
Answer Stats
Answer % Correct
Echidna
80%
Platypus
80%
Chicken
60%
Duck
60%
Goose
60%
Emu
40%
Ostrich
40%
Turkey
20%
Kiwi
0%
Penguin
0%
Quail
0%
No matching quizzes found
Score Distribution
Percent of People with Each Score
Percentile by Number Answered
Your Score History
You have not taken this quiz